| 000 | 01438nam a2200325 i 4500 | ||
|---|---|---|---|
| 001 | 190619 | ||
| 003 | ES-MaACL | ||
| 005 | 20250804063446.0 | ||
| 008 | 220223s2014 sp a s001 0cspa | ||
| 020 | _a978-84-9781-935-0 | ||
| 080 | _a355.415.6(460)"1493-1898" | ||
| 080 | _a929(460)"1493-1898":61:355 | ||
| 080 | _a94(729.5)"1493-1898" | ||
| 100 | 1 |
_aBelaústegui Fernández, Alejandro, _d1935- _eaut _927126 |
|
| 245 | 1 | 0 |
_aSanitarios militares en la isla de Puerto Rico, 1493-1898 / _cAlejandro Belaústegui Fernández |
| 260 |
_a[Madrid] : _bMinisterio de Defensa, Secretaría General Técnica, _c2014 |
||
| 300 |
_a198 páginas : _bilustraciones (blanco y negro y color) ; _c24 cm |
||
| 490 | 1 |
_aLa lucha contra el olvido ; _v9 _9189172 |
|
| 504 | _aBibliografía: páginas [189]-194 | ||
| 650 | 4 |
_aSanidad militar- _zEspaña- _vHistoria _916984 |
|
| 650 | 7 |
_aMédicos- _zEspaña- _vBiografías _9144463 |
|
| 651 | 7 |
_aPuerto Rico- _xHistoria- _y1493-1511, Descubrimiento y conquista _9163440 |
|
| 651 | 7 |
_aPuerto Rico- _xHistoria- _y1511-1898, Época colonial _9155352 |
|
| 710 | 1 |
_aEspaña. _bMinisterio de Defensa. _bSecretaría General Técnica _eedt _9238621 |
|
| 830 | 3 |
_aLa lucha contra el olvido ; _v9 _9189172 |
|
| 852 | 4 |
_aES-MaACL _bR.153146 _cDEPO1 _dOlim: N-7882 _hDonación Ministerio de Defensa _jA-14882 _9197798 |
|
| 942 |
_2udc _cMONOGRAFIA _n0 |
||
| 999 |
_c190619 _d190619 |
||